00995 2200349 4500001002100000005001500021035002000036007000300056040001700059100003000076245007900106250001300185300003200198041000800230082000800238084001400246090002100260264003700281336002100318337003000339338002300369650001800392850001000410008004100420700004400461020002200505504003000527990002200557990002200579990002200601990002200623INLIS00000000000485920260516084940 a0010-0122000491ta aSBPUPADbind0 aAni Sri RahayuePengarang1 aISBD :bPerspektif Baru Membangun Kesadaran Global Melalui Revolusi Mental a.-Cet. 1 ax, 272 hal. ;c14,5x20,5 cm aind a301 a301 ANI i a2x9.4 NUK a 2-20 a.--Jakarta :bBumi Aksara,c2016 2rdacontentaTeks 2rdamediaaTanpa Perantara 2rdacarrieraVolume 4aSosial Budaya aPUPAD260516 0  aEditor, Bunga Sari FatmawatiePengarang a978-602-217-881-1 aBibliografi, hlm. 267-269 a25.198/B/DPK/2017 a25.199/B/DPK/2017 a25.200/B/DPK/2017 a25.201/B/DPK/2017